LEADER 02385nam0 22003491i 450 001 UON00091473 005 20241209094502.515 100 $a20020107d1994 |0itac50 ba 101 $aita 102 $aIT 105 $a|||| ||||| 200 1 $aˆL'‰Italie d'Auguste à Dioclétien$eActes du colloque international organisé par l'Ecole francaise de Rome, l'Ecole des hautes études en sciences sociales, le Dipartimento di scienze storiche, archeologiche, antropologiche dell'Antichità dell'Università di Roma la Sapienza et le Dipartimento di scienze dell'Antichità dell'Università di Trieste 210 $aRome$cEcole Francaise$d1994 446 p. ; 24 cm Roma$d25-28 Mar. 1992 410 1$1001UON00065655$12001 $aCollection de l'Ecole Française de Rome$v198 606 $aRoma$xStoria$xCongressi$3UONC027992$2FI 620 $aIT$dRoma$3UONL000004 686 $aC$cSTORIA ROMANA$2A 712 02$aÉcole des hautes études en sciences sociales$cParigi$3UONV248222 712 02$aEcole Française$cRoma$3UONV100592 712 02$aUniversità degli Studi La Sapienza$cRoma$bDipartimento di Scienze Storiche Archeologiche e Antropologiche dell'Antichità$3UONV056903 712 02$aUniversità degli Studi$cTrieste$bDipartimento di Scienze dell'Antichità$3UONV058008 712 $aEcole Française de Rome$3UONV259989$4650 791 02$aEditions de l'Ecole des hautes études en sciences sociales$zÉcole des hautes études en sciences sociales $3UONV248223 791 02$aEHESS$zÉcole des hautes études en sciences sociales $3UONV003491 791 02$aDipartimento di Scienze storiche archeologiche e antropologiche dell'antichità$zUniversità degli Studi La Sapienza : Dipartimento di Scienze Storiche Archeologiche e Antropologiche dell'Antichità$3UONV056904 791 02$aDipartimento di Scienze dell'antichità : Sezione di Orientalistica$zUniversità degli Studi La Sapienza : Dipartimento di Scienze Storiche Archeologiche e Antropologiche dell'Antichità$3UONV206496 801 $aIT$bSOL$c20250801$gRICA 899 $aSIBA - SISTEMA BIBLIOTECARIO DI ATENEO$2UONSI 912 $aUON00091473 950 $aSIBA - SISTEMA BIBLIOTECARIO DI ATENEO$dSI C 303 $eSI MC 18990 5 996 $aItalie d'Auguste à Dioclétien$969679 997 $aUNIOR